|
|
|
|
| LEADER |
00000cam a2200000 a 4500 |
| 001 |
vtls009856651 |
| 003 |
SK-MaSNL |
| 005 |
20260311121901.0 |
| 008 |
210928s1976 xr o g 000 0 cze |
| 035 |
|
|
|a (SVKBBclas03)vtls000245375
|
| 040 |
|
|
|a SNK
|b slo
|c SNK
|e AACR2
|
| 041 |
0 |
|
|a cze
|a slo
|
| 043 |
|
|
|a e-cs---
|
| 044 |
|
|
|a xr
|c CZ
|
| 080 |
|
|
|a 779:908.437
|2 1981
|
| 245 |
0 |
0 |
|a Pod sluncem této země
|b rekreace ROH
|c texty: [kol.] ; fot.: Milada a Erich Einhornovi
|
| 246 |
3 |
0 |
|a Rekreace ROH
|
| 250 |
|
|
|a 2. vyd.
|
| 260 |
|
|
|a Praha
|b Práce
|c 1976
|
| 300 |
|
|
|a 309, [1] s.
|b fotogr.
|c 4°
|
| 546 |
|
|
|a Čiast. text v slov.
|
| 651 |
|
7 |
|a Československo
|2 SNKPH
|9 21376
|
| 655 |
|
7 |
|a fotografické publikácie
|2 SNKPH
|9 70483
|
| 700 |
1 |
|
|a Einhornová, Milada
|4 pht
|9 322303
|
| 700 |
1 |
|
|a Einhorn, Erich
|4 pht
|9 285789
|
| 852 |
|
|
|a Štátna vedecká knižnica v Banskej Bystrici
|
| 958 |
|
|
|a OND
|
| 999 |
|
|
|c 573215
|d 575145
|
| 952 |
|
|
|a SNK
|b SNK
|y PREZ
|7 0
|p 17A0942150
|o snkSB 24342
|i snkKIP 10546/76
|0 0
|1 0
|4 0
|d 2014-06-19
|f 1
|l 0
|r 2025-03-28 00:00:00
|w 2026-02-23
|
| 952 |
|
|
|a SNK
|b SNK
|y VYP
|7 0
|o snkSB 24342 D1
|i snkKIP 10547/76
|0 0
|1 0
|4 0
|d 2014-06-19
|l 0
|r 2026-02-23 14:23:19
|w 2026-02-23
|